| 000 | 00605nam a22002177a 4500 | ||
|---|---|---|---|
| 003 | OSt | ||
| 005 | 20130605093256.0 | ||
| 008 | 130425s2004 sp ||||| |||| 00| 0 spa d | ||
| 020 | _a8401378737 | ||
| 040 | _cCDMR | ||
| 100 | 1 |
_93276 _aSistiaga, Jon |
|
| 245 | 1 | 0 |
_aNinguna guerra se parece a otra _cJon Sistiaga |
| 250 | _a5a ed. | ||
| 260 |
_aBarcelona _bPlaza & Janés _c2004 |
||
| 300 | _a397 p. | ||
| 600 | 1 |
_92874 _aCouso, José |
|
| 650 | 0 | 4 |
_9797 _aReportatges literaris |
| 650 | 0 | 4 |
_93678 _aCorresponsals de guerra _vRelats personals |
| 650 | 0 | 4 |
_93582 _aGuerra d'Iraq, 2003-2011 |
| 942 |
_2udc _cMON |
||
| 999 |
_c6133 _d6133 |
||